Normal view
MARC view
- Burbank,Douglas W.
Entry Personal Name
001 - CONTROL NUMBER
- control field: 1123
003 - CONTROL NUMBER IDENTIFIER
- control field: OSt
005 - DATE AND TIME OF LATEST TRANSACTION
- control field: 20160722154001.0
008 - FIXED-LENGTH DATA ELEMENTS
- fixed length control field: 160722|| aca||aabn | a|a d
040 ## - CATALOGING SOURCE
- Original cataloging agency: OSt
- Transcribing agency: OSt
100 ## - HEADING--PERSONAL NAME
- Personal name: Burbank,Douglas W.
670 ## - SOURCE DATA FOUND
- Source citation: Work cat.: (OSt): Burbank,Douglas W., Tectonic Geomorphology, 2012
